000
00253nam a2200109Ia 4500
005
20251222114347.0
008
251222s1900||||xx |||||||||||||| ||spa||
082
_a
DVD0060/A43/2001
245
0
_a
El beso del escorpión
264
_b
DreamWork
942
_c
DVD
999
_c
1103
_d
1103